| 000 | 00452nam a2200169Ia 4500 | ||
|---|---|---|---|
| 003 | OSt | ||
| 005 | 20230523141409.0 | ||
| 008 | 211028s2019 xx 000 0 und d | ||
| 040 | _cAIMIT LIBRARY | ||
| 041 | _aeng | ||
| 100 |
_aShetty, Chaitra;S, Aravind Prabhu. _98837 _e171907 |
||
| 110 |
_aAravind Prabhu S _98838 |
||
| 245 | _aTraining management system. | ||
| 260 |
_aMangalore _c2019 |
||
| 710 |
_aConnectia Solutions _98839 |
||
| 942 |
_2ddc _cPRO |
||
| 999 |
_c220087 _d220087 |
||